[Event "Hoogovens"]
[Site "Wijk aan Zee"]
[Date "1998.01.18"]
[Round "4"]
[White "Karpov, Anatoly"]
[Black "Shirov, Alexei"]
[Result "1/2-1/2"]
[WhiteElo "2735"]
[BlackElo "2710"]
[Annotator "Shirov,A"]
[PlyCount "90"]
[EventDate "1998.01.16"]
[EventType "tourn"]
[EventRounds "13"]
[EventCountry "NED"]
[EventCategory "17"]
[SourceTitle "CBM 063"]
[Source "ChessBase"]
[SourceDate "1998.03.26"]
[SourceVersion "1"]
[SourceVersionDate "1998.03.26"]
[SourceQuality "1"]

1. c4 {Khalifman Huzman Stohl} Nf6 2. Nc3 g6 3. g3 Bg7 4. Bg2 O-O 5. d4 d6 6.
Nf3 Nc6 7. O-O a6 8. Re1 ({Stohl: Another less known, but interesting
alternative is} 8. e3 $5 {Stohl} Bf5 9. Qe2 Ne4 10. Nd1 Nf6 11. d5 Nb8 12. Nc3
Ne4 13. Nxe4 Bxe4 14. Bh3 c6 $2 (14... Bxf3 $142 $14) 15. Nh4 g5 16. Bf5 $1
cxd5 17. cxd5 Bxd5 18. e4 Bc4 19. Qh5 h6 20. Bxg5 Re8 21. Bxh6 e6 22. Bg5 Qd7
23. Bh7+ Kh8 24. Ng6+ {1-0,Khurtsidze,N-Lobzhanidze,D/Ubeda op 1998}) 8... Rb8
9. Rb1 {Stohl: Karpov's idea has in the meantime gained popularity. In
contrast to their previous encounters with this prophylactic line, this time
Shirov comes up with a good method for Black.} Na5 {Khalifman: Die neue Idee
von Tkachiev.} (9... Bf5 {Stohl} 10. e4 Bg4 11. Be3 Nd7 12. Ne2 f5 (12... e5
13. d5 Ne7 14. Qd2 Bxf3 15. Bxf3 f5 16. Bg2 Nf6 17. Bg5 Qd7 18. Nc3 f4 19. gxf4
h6 20. Bxf6 Bxf6 21. fxe5 Bxe5 22. Qxh6 Qg4 23. Ne2 Rf7 24. h3 Qd7 25. Qg5 Rbf8
26. Rf1 Qa4 27. f4 Qxc4 28. Qg4 Bg7 29. b3 $16 {Karpov,A-Shirov,A/Monaco act
1997/1-0 (74)}) 13. Ng5 fxe4 14. h3 Bf3 15. Ne6 Qc8 16. Nxf8 Qxf8 17. Bxf3 exf3
18. Nf4 Qf7 19. d5 Nce5 20. Bd4 g5 21. Ne6 Qh5 22. Bxe5 Nxe5 23. Re3 Qxh3 24.
Rxf3 Nxf3+ 25. Qxf3 Bf6 26. Re1 Kh8 27. b3 $44 {Goldin,A-Fleish,F/Rishon Le
Zion 1997/1-0 (39)}) (9... Re8 {Stohl} 10. b4 e5 11. d5 Nd4 12. Nd2 h5 13. e3
Nf5 14. Qc2 h4 15. Ba3 hxg3 16. hxg3 Ng4 17. b5 b6 18. bxa6 Ra8 19. Bb4 Rxa6
20. Nb5 Bh6 21. Nf1 Nf6 22. a4 Nd7 23. Ra1 Bg7 24. a5 Nc5 25. Ra3 bxa5 26. Rxa5
e4 27. Rxa6 Bxa6 28. Bxc5 dxc5 29. Bxe4 Nd6 30. Bd3 $14 {Sulipa,A-Krakops,M/
Groningen op 1997/0-1 (62)}) ({Stohl: The most often played move was} 9... b5 {
Stohl} 10. cxb5 axb5 11. b4 e6 (11... Bf5 12. e4 Bg4 13. h3 Bxf3 14. Bxf3 e5
15. d5 Nd4 16. Be3 Nd7 17. Bg2 Qf6 (17... Nb6 18. Bf1 f5 19. exf5 Rxf5 20. Bg2
Nc4 21. Qd3 Qd7 22. Ne4 Ra8 23. Nc3 Ra3 24. Be4 Rh5 25. h4 Qg4 26. Bc1 Rxc3 $2
27. Qxc3 Ne2+ 28. Rxe2 Qxe2 29. Bf3 $18 {Drozdovsky,Y-Szabo,G/Cannes WCHJ U14
1997/1-0 (50)}) 18. Rc1 Rb7 19. h4 h6 20. f4 Ra8 21. Bxd4 exd4 22. e5 dxe5 23.
d6 dxc3 24. Bxb7 Rxa2 25. Qd5 Qxd6 26. Qxa2 Qb6+ 27. Qf2 Qxb7 28. f5 $18 {
Ivanchuk,V-Shirov,A/Monaco act 1995/1-0 (49)}) (11... Bg4 12. d5 Bxf3 13. exf3
Ne5 14. f4 Nc4 15. Nxb5 Rxb5 16. Qd3 c6 17. Qxc4 Nxd5 18. a4 Rb8 19. Bxd5 cxd5
20. Qxd5 e6 21. Qb3 e5 22. fxe5 dxe5 23. Be3 Kh8 24. Bc5 Rg8 25. Qxf7 Qd2 26.
Rbd1 Qc2 27. a5 e4 28. Rd7 Qc3 29. Rxe4 {1-0,Goldin,A-Bitansky,I/Rishon Le
Zion 1997}) 12. e4 Ne7 13. Nd2 (13. h3 Nd7 14. Be3 c6 15. Qc1 Nb6 16. Bh6 f6
17. Bxg7 Kxg7 18. e5 dxe5 19. dxe5 f5 20. Rd1 Ned5 21. Nd4 Bd7 22. Bxd5 Nxd5
23. Nxd5 cxd5 24. Nb3 f4 25. Nc5 $16 {Koskinen,H-Mowsziszian,K/Benasque op (4)
1997/1/2 (46)}) 13... c5 14. bxc5 dxc5 15. dxc5 Nd7 16. Nxb5 Nxc5 17. Nc4 Nd3 (
17... Ba6 $142 $5) 18. Re2 Ba6 19. a4 Nxc1 20. Qxc1 Rc8 21. Rc2 Bxb5 22. axb5
Qd4 23. b6 Rb8 24. Rd2 Qc5 25. Rd7 Bd4 26. Rc7 Bxf2+ 27. Kh1 Qh5 28. Rxe7 Bxg3
29. h3 Rbd8 30. e5 Qh4 31. Rc7 Bf2 32. Qa3 {1-0,Karpov,A-Shirov,A/Dos Hermanas
1997}) (9... Bd7 {Stohl} 10. e4 e5 11. h3 $2 Nxd4 12. Nxd4 exd4 13. Ne2 c5 14.
b4 b6 15. Nf4 Qe7 16. g4 h6 17. Nd3 Bc6 18. Bf4 Nd7 {0-1,Jatoba Reis,
P-Irzhanov,R/Roque Saenz Pena WChTU-26 1997}) 10. Qa4 {Stohl: Consistent, but
in the light of Black's strong novelty rather ineffective.} (10. b3 $146 {Stohl
} b5 11. cxb5 axb5 12. b4 Nc4 13. a4 bxa4 14. Qxa4 Nd7 15. b5 Ndb6 16. Qc2 Bd7
17. Rb4 c5 18. bxc6 Bxc6 19. Qd3 d5 20. Bf4 Rc8 21. h4 h5 22. Ne5 Nxe5 23. Bxe5
e6 24. Bxg7 Kxg7 25. e3 Nc4 26. Ne2 Qa5 27. Qc3 Nd6 28. Ra1 Qd8 $11 {Salov,
V-Tkachiev,V/Groningen Wch k.o. (2.2) 1997/1/2 (45)}) 10... b6 $5 $146 {
><c4,/\Bd7} (10... c5 11. dxc5 Bd7 12. Qc2 dxc5 13. Bf4 Rc8 14. Ne5 $16 {
Karpov-Smirin (Cap d'Agde 1996, '25)} (14. Ne5 {Stohl} Be6 15. Rbd1 Qe8 16. Nd5
Bxd5 17. cxd5 Nh5 18. Bh3 Nxf4 19. gxf4 e6 20. dxe6 fxe6 21. Rd6 Rf6 22. Red1
Kh8 23. Qe4 Nc6 24. Nxc6 bxc6 25. Bxe6 Rf8 26. b3 Rb8 27. e3 $18 {Karpov,
A-Smirin,I/EU-ch act Cap d`Agde 1996/1-0 (41)})) 11. c5 $1 (11. Nd2 c5) (11. b3
c5) (11. Nd5 $142 {Stohl} Nxd5 $5 (11... Bd7 12. Nxf6+ Bxf6 13. Qc2 c5 14. d5
b5 15. Bh6 Re8 16. b3 $14) 12. cxd5 Bd7 13. Qc2 c5 $132) 11... Bd7 (11... Bf5 {
Huzman} 12. e4 Bd7 13. Qa3 dxc5 14. dxc5 $14) 12. Qa3 {Very risky.} (12. Qc2
$142 $5 {Stohl} bxc5 13. dxc5 d5 $5 (13... dxc5 $13) (13... Nb7 14. cxd6 cxd6
15. Bg5 Qc7 $11) 14. e4 dxe4 15. Nd2 Nc6 16. Ndxe4 Nd4 $15) (12. Qb4 {Huzman}
Nc6 13. Qc4 b5 14. Qb3 (14. Qd3 dxc5 15. dxc5 Bf5 16. Qxd8 Rfxd8 17. e4 b4 (
17... Bg4 $5 $15 {[%csl Rd4]}) 18. exf5 bxc3 $17) 14... dxc5 15. dxc5 Be6 $17)
12... Nc4 $6 (12... Qc8 13. b3 $14) (12... dxc5 {Huzman} 13. dxc5 Bf5 14. e4
Bg4 15. Bf4 $36) (12... Bc8 $5 $132 {[%cal Ya5c4,Yc8b7] Huzman}) 13. Qxa6 $1 (
13. Qb3 {Huzman} b5 $5 $15 (13... Na5 $14)) 13... b5 {ףa6 /\14...Ra815.Qb7
Rb8=} 14. Nd2 $2 (14. Nh4 $1 d5 (14... Ne8 15. c6 Rb6 (15... Bc8 16. Qa7 Rb6
17. Nxb5 Ra6 18. Qb8 Rb6 19. Qa8 Rxb5 20. Qa4 $18) 16. Qa7 Bxc6 17. Bxc6 Rxc6
18. Nxb5 $14) 15. Nxd5 Nxd5 16. Bxd5 Bxd4 (16... Bc8 17. Qa7 Qxd5 18. Qxb8 Bb7
19. e4 Qc6 20. d5 $16) 17. Bh6 Re8 18. Nf3 Bxc5 19. Bxc4 bxc4 20. Qxc4 $16) (
14. cxd6 {Stohl} Ra8 $5 (14... cxd6 15. Nd2 $14 (15. Nd2 Qc7 (15... Nxd2 16.
Bxd2 b4 17. Nd1) 16. Nxc4 bxc4 17. Bg5 e6 $44 {[%csl Ra6]})) (14... exd6 {
Huzman} 15. Nd2 Nxd2 16. Bxd2 b4 $44) 15. dxe7 Qxe7 16. Qb7 Nd6 17. Nd5 Qe6 18.
Nxf6+ Bxf6 19. Qxc7 Rfc8 20. d5 Qe7 21. Qb6 Nc4 22. Qb7 Nd6 {gives Black at
least a draw, but Karpov was probably afraid of some hidden resource.}) (14. c6
{Stohl} Rb6 (14... Bxc6 $5 15. Qxc6 Rb6 $17) 15. Qa7 Bxc6 $17) (14. Ng5 $5 {
Huzman} Bc8 (14... dxc5 15. dxc5) 15. Qa7 Bf5 16. e4 Ra8 17. Qb7 Rb8 18. Qa6
$16) 14... Nxd2 15. Bxd2 dxc5 16. a4 $5 (16. dxc5 $2 b4 {/\Bd7-b5-+} (16... b4
{Stohl} 17. Ne4 Nxe4 18. Bxe4 Bb5 $19 {[%cal Rd8d2] /\Qd2 Did Karpov overlook
this?})) (16. d5 $5 Ra8 17. Qb7 b4 18. Ne4 Nxe4 19. Bxe4 Rxa2 20. Rec1 (20. Be3
Qb8 21. Qxb8 Rxb8 $17) 20... Be5 $1 21. Rxc5 Bd6 $15) (16. Qa7 {Huzman} cxd4
17. Qxd4 Bf5 18. Qxd8 Rfxd8 19. e4 (19. Rbd1 Bc2 $19) 19... Rxd2 20. exf5 b4
$15 {/-/+}) 16... b4 (16... cxd4 {Stohl} 17. Nxb5 e5 $36 {[%csl Gd4,Ge5] [+]})
17. Ne4 (17. Nb5 c6 (17... Ng4 $1 {Huzman} 18. h3 (18. d5 Ra8 19. Qb7 Rxa4 $15)
18... Bxb5 19. axb5 Qxd4 20. hxg4 Qxd2 $17) (17... Rb6 18. Qa5 Bxb5 19. axb5
Qxd4 20. Be3 Qd7 21. Bc6 $132) 18. dxc5 (18. Na7 Qb6 19. Qxb6 Rxb6 20. dxc5 Ra6
21. Nxc6 Bxc6 22. Bxc6 Rxc6 23. Bxb4 Rb8 24. Ba3 Ra6 $17) 18... cxb5 19. Bf4
bxa4 20. Bxb8 (20. c6 Ra8 21. Qb5 Be6 22. c7 Qe8 $17) 20... Qxb8 21. c6 Bf5 22.
e4 Be6 23. Qxa4 Ng4 $17) (17. Nd1 {Huzman} cxd4 $17 {[%csl Rd1]}) 17... Nxe4
18. Bxe4 Bxd4 $15 (18... cxd4 {Huzman} 19. Rbc1 $15) 19. Rec1 $2 (19. Bh6 $1
Qc8 (19... Re8 20. Rec1 $44) 20. Qc4) (19. b3 {Stohl} Rb6 20. Qd3 Be6 $17 {
[%cal Rb6d6] /\Rd6}) 19... Rb6 20. Qa5 $2 (20. Qa7 Bc8 $17) (20. Qd3 {Stohl}
Bxa4 $19) 20... Qc8 (20... Bg4 {Huzman} 21. e3 Bg7 22. Be1 $132) 21. Qa7 (21.
Rxc5 Ra6 22. Qxb4 Rxa4 $19) (21. e3 $2 {Stohl} Ra6 $18) 21... Ra6 $4 (21... Bf5
22. Bxf5 (22. a5 $2 Bxe4 23. axb6 Qh3 $19) 22... gxf5 (22... Qxf5 {Huzman} 23.
e3 Be5 24. a5 $132) 23. Qa5 Qb7 24. e3 (24. Rxc5 Ra8 $19) 24... Ra8 25. Qxa8+
Qxa8 26. exd4 cxd4 27. Rxc7 Qxa4 28. Rxe7 Qc2 $19) (21... Bc6 {Huzman} 22. Bxc6
Rxc6 23. Qa5 Ra6 (23... Rd8 24. e3 $132) 24. Qb5 c6 25. Qc4 Rxa4 26. e3 $44)
22. Qb7 Qxb7 (22... Rxa4 {Stohl} 23. e3 Be5 $17 {leads to a similar position.})
23. Bxb7 Rxa4 24. e3 Be5 (24... Bf5 {Huzman} 25. exd4 Bxb1 26. Rxb1 cxd4 27.
Bc6 Ra6 28. Rc1 $132) 25. Rxc5 Bd6 {Stohl: It seems the game is entering a
technical phase. Black is a clear pawn up and has active pieces. Bur from now
on Karpov demonstrates tenacious defense and not without his opponents help
manages to save the game.} 26. Rcc1 $17 Rb8 (26... c5 $142 $5 $17 {Stohl}) 27.
Bc6 (27. Bd5 $5 $17 {Huzman}) 27... Bxc6 28. Rxc6 {Khalifman: Das Endspiel ist
klar gewonnen.} Rba8 (28... Ra2 $5 $17 {Huzman}) 29. e4 (29. Rcc1 {Huzman} Ra2
$17 {/-+}) 29... Ra1 {Khalifman: Vielleicht ist der Abtausch nicht so gut,
aber es sollte auf jeden Fall reichen.} (29... Kf8 $5 $17 {[%cal Yf8d7] Stohl /
\Ke8-d7 Black should strive to unblock his c7P and realize c5 as soon as
possible.}) (29... Ra2 $5 {Huzman}) 30. Rxa1 Rxa1+ 31. Kg2 Rd1 $5 (31... Rb1
32. Bc1 $15 (32. Bc1 {Stohl} f6 {[%cal Rg8e6,Re6d7] /\Kf7-e6-d7-+})) (31... Kf8
{Stohl} 32. e5 $5 Bxe5 33. Bxb4 Bd6 34. Bc3 $17) (31... f6 {Stohl} 32. Rc4 c5 (
32... b3 $5) 33. Be3 Ra5 $17) (31... Ra2 {Huzman} 32. e5 (32. Bc1 $5) 32...
Bxe5 33. Bxb4 Kf8 34. Bc3 Bd6 $17) 32. Bc1 f6 (32... Kf8 $5 $17 {[%cal Yf8e8,
Ye8d7] Huzman}) 33. Kf3 g5 $1 {><h2 Khalifman: ? Das sieht seltsam aus. Was
ist der Sinn dieses Zuges.} (33... Kf7 {Stohl} 34. Ke2 (34. Z0 {Khalifman} Ke6
$140 35. Z0 Kd7 $19) 34... Rh1 35. h4 f5 $5 $17) 34. h3 $1 Kf7 35. Rc4 h5 36.
Ke2 Rh1 37. Bd2 Rh2 $2 (37... Rxh3 {Stohl} 38. Bxb4 Rh1 $17 {[%csl Gh5] o^h} (
38... h4 $1 {Huzman} 39. gxh4 (39. Bxd6 cxd6 $17 {/-+}) 39... gxh4 $17 {/-+}))
(37... b3 $17 38. Rc3 {Huzman} Rxh3 39. Be3 $17) 38. Kf3 $1 (38. Bxb4 $2 {Stohl
} Bxg3 39. Be1 Be5 $19 {[%cal Rh2h3] /\Rh3}) 38... b3 $6 (38... g4+ 39. hxg4
hxg4+ 40. Kxg4 Rxf2 41. Bxb4 Rxb2 $15) (38... Rxh3 {Stohl} 39. Kg2 g4 40. Bxb4
{[%csl Rh3] צh3}) 39. Bb4 $1 Rxh3 {Khalifman: Dieser Turm hat sich verirrt.} (
39... g4+ 40. hxg4 hxg4+ 41. Ke3 $11) 40. Kg2 g4 41. Bxd6 cxd6 42. Rb4 {
Stohl: Due to Black's misplaced R White just about saves the game.} Ke6 (42...
h4 {Stohl} 43. Rxb3 hxg3 44. f3 (44. Rxg3 Rh4 45. b4 Rh5 46. Rxg4 Rb5 $15)
44... Rh5 45. fxg4 Rc5 46. Kxg3 Ke6 47. Rb7 $132) 43. Rxb3 h4 (43... Ke5 {Stohl
} 44. Rb7 e6 45. Rb4 $1 $132 {/\} (45. Re7 {Huzman} d5 46. exd5 Kxd5 47. Rd7+
Kc6 48. Re7 Kd6 49. Rh7 f5 50. b4 $11 {[%csl Rh3]}) 45... h4 $2 46. f4+ $1 $18)
44. Rb5 hxg3 45. f3 $3 $11 {Stohl: The point, now White takes both g-pawns.} (
45. fxg3 $2 Rh8 46. Kf2 Rh1 $1 $19) 45... Rh8 (45... Rh8 {Stohl} 46. fxg4 Rc8
47. Kxg3 Rc2 (47... Rc5 48. Rxc5 dxc5 49. Kf4 $11) 48. g5 $5 fxg5 49. Rxg5 Rxb2
50. Kf3 $11) 1/2-1/2

[Event "ISR-chT"]
[Site "Israel"]
[Date "1998.02.14"]
[Round "5"]
[White "Har Zvi, Ronen"]
[Black "Smirin, Ilia"]
[Result "0-1"]
[WhiteElo "2510"]
[BlackElo "2590"]
[Annotator "Har Zvi,R"]
[PlyCount "92"]
[EventDate "1998.01.15"]
[EventType "team-tourn"]
[EventRounds "10"]
[EventCountry "ISR"]
[SourceTitle "CBM 064"]
[Source "ChessBase"]
[SourceDate "1998.06.02"]
[SourceVersion "1"]
[SourceVersionDate "1998.06.02"]
[SourceQuality "1"]

1. Nf3 Nf6 2. d4 g6 3. c4 Bg7 4. Nc3 O-O 5. g3 d6 6. Bg2 Nc6 7. O-O a6 8. Re1
Rb8 9. Rb1 Na5 (9... Bg4 10. h3 Bxf3 11. exf3 Nd7 12. Be3 e6 13. f4 Ne7 14. g4
b5 15. b3 {1/2-1/2 Dokuchaev,A-Meskhov,Y/Smolensk RUS-Cup 8/EXP 58}) (9... Bf5
10. e4 Bg4 11. Be3 Nd7 12. Ne2 e5 13. d5 Ne7 14. Qd2 Bxf3 15. Bxf3 f5 16. Bg2
Nf6 17. Bg5 Qd7 18. Nc3 $14 {Karpov,A-Shirov,A/Monaco (rapid) 1997/EXP57}) (
9... b5 10. cxb5 axb5 11. b4 Bf5 (11... e5 12. dxe5 dxe5 13. Be3 Bf5 14. Rc1
Qxd1 15. Rexd1 Rfd8 16. Rxd8+ Rxd8 17. a3 $16 {Goetz,A-Held,B/BAY-chT2N/1994})
(11... Bd7 12. e4 e5 13. dxe5 Nxe5 14. Nxe5 dxe5 15. Qc2 Qe7 16. Bg5 Rfc8 17.
Nd5 Qe6 18. Bxf6 Bxf6 19. Bh3 Qxh3 20. Nxf6+ Kg7 21. Nxd7 Qxd7 22. Red1 Qe6 23.
Rd5 c6 24. Rc5 $14 {Baturin,V-Voloshin,L/Frydek Mistek op/1996}) (11... e6 12.
e4 Ne7 13. Nd2 $1 c5 $6 (13... Nd7 14. Nb3 $14) 14. bxc5 dxc5 15. dxc5 Nd7 (
15... b4 16. Na4 $16) 16. Nxb5 (16. Qc2 $5) 16... Nxc5 17. Nc4 (17. Ba3 $1 {
Huzman} Nd3 18. Re3 Ba6 19. Nc4 Bxb5 20. Rxd3 Qc7 21. Rc1 $16) 17... Nd3 18.
Re2 Ba6 19. a4 Nxc1 20. Qxc1 Rc8 (20... Nc6 21. e5) 21. Rc2 $16 {Karpov,
A-Shirov,A/Dos Hermanas 1997}) 12. e4 Bg4 (12... Nxe4 $5) 13. h3 Bxf3 14. Bxf3
e5 15. d5 Nd4 16. Be3 Nd7 17. Bg2 (17. Be2 $5) 17... Qf6 18. Rc1 Rb7 19. h4 $14
{Ivanchuk,V-Shirov,A/Monaco (rapid) 1995/ 63/496 [Shirov,A]}) 10. Qa4 b6 $1 $11
{/=/+ a very important novelty in this position,against Karpov Smirin played
very bad and soon got a terrible position,this move makes black's life in this
variation not bad and now it's white's turn to find something here} (10... c5
11. dxc5 Bd7 12. Qc2 dxc5 13. Bf4 Rc8 14. Ne5 Be6 15. Rbd1 Qe8 16. Nd5 Bxd5 17.
cxd5 Nh5 18. Bh3 Nxf4 19. gxf4 e6 20. dxe6 fxe6 21. Rd6 Rf6 22. Red1 $16 {
Karpov,A-Smirin,I/EU-ch Rapid 30' 1996}) 11. c5 {do not defend it change it!} (
11. b3 c5 $15 {[%csl Ra4] with the threat b5 now}) 11... Bd7 12. Qa3 (12. Qc2
bxc5 13. dxc5 d5 $1 $36 {[%cal Gd7f5]} (13... dxc5 $6 {[%csl Ra6,Rc5,Rc7]} 14.
Ne5 $44 (14. Na4 Rb4))) 12... Nc4 $1 13. Qb3 $6 (13. Qxa6 $5 {of course to
play such a move even if you calculate well the continuations you must have
very strong nervous,for me to play Qxa6 was too much!} b5 (13... d5 $4 14. Nxd5
) 14. cxd6 cxd6 (14... Ra8 15. dxe7 Qxe7 16. Qb7 Nd6 17. Nd5 $8 (17. Qxc7 $2
Rfc8 18. Qb6 Rc6) 17... Nxd5 (17... Qe6 18. Nxf6+ Bxf6 19. Qxc7 Rfc8 20. Qb6
$18 Bd8 21. d5 Qxd5 22. Qd4) 18. Qxd5 Be6 19. Qg5 $18) 15. Nd2 $8 Nxd2 16. Bxd2
b4 17. Nd1 d5 {during the game I was afraid of getting this position I thought
black has very good compensation but in this analysis it's quite difficult for
me to see something force for black after 18.Rc1 or even eqaulity} 18. Rc1 $1
Ne4 19. Bf4) 13... b5 14. e4 $2 {a mistkae which is immediately being punished
by black,white should have changed as quickly as possible his "c5" since now
it's too late} (14. cxd6 $1 cxd6 15. e4 $11) 14... dxc5 $1 15. dxc5 Bg4 {
now it's clear,black wants to play Nd7,both attacking the weak "c5" and trying
Nde5 with the idea of controling the key "f3" square,white is probably not
worse here but it's black who has the initiative,and can't make mistakes here}
16. Qc2 (16. Rd1 Qe8 $6 {[%cal Rh5d1]}) 16... Nd7 17. b4 Nde5 18. Nxe5 Nxe5 19.
h3 $2 (19. Re3 $1 $13 {[%cal Gf2f4,Ye3d3,Gh2h3] during the game I knew I must
prevent black from playing Nf3 and thought that Bf3 is not that bad but I
should not allow any piece to go to f3! it seems that after Re3 white is OK})
19... Bf3 $1 {now it is already clear black is better,white has to play now
accuratly in order to keep the position as a possible one to play} (19... Qd3
20. Qxd3 Nxd3 21. Re3 Nxc1 22. Rxc1 (22. hxg4 $4 Bxc3 23. Rxc1 Bd2) 22... Bxc3
(22... Be6 23. Nd5) 23. Rcxc3 Be6 $11) 20. Bg5 $2 (20. Bf4 $5 Bxg2 21. Kxg2 Nd3
22. Red1 Nxf4+ 23. gxf4 Qc8 24. e5 $15 {it is this position which I analysed a
lot during the game and was afraid to play,I thought white is worse here
that's maybe true,but certainly not too much and he has fair play,since his
pawns in center are both weak but strong since they block black's bishop} c6
25. Qe4) (20. Bf1 $5 {this looks as a very stupid move,but my idea is simply
play Bf4 then take the knight on e5 and play Re3 and winning the bishop! I
found this idea only a move later,which was worse for white since I played Bg5
which is just a move and black played a very strong move "c6"} Bg4 (20... Bh5
21. Bg2 Qd3 22. Qxd3 Nxd3 23. Re3) 21. Bg2 Bf3 22. Bf1) (20. Re3 $5 Bxg2 21.
Kxg2 c6 {[%cal Ga6a5]} (21... a5 22. bxa5 (22. a3 c6 {[%csl Ra3][%cal Ge5c4]})
22... c6 23. a4 $11) 22. a4 Qc7 $14 {[%cal Ge5c4]}) 20... c6 21. Bf1 Bh5 22.
Bg2 Bf3 23. Bf1 Bh5 24. Bg2 h6 25. Bf4 (25. Be3 Nf3+ 26. Bxf3 Bxf3 {[%csl Rd1,
Gf3]}) 25... g5 26. Bxe5 Bxe5 27. Ne2 a5 (27... Qc7 $15) (27... e6 $5 $15) 28.
a3 $2 (28. f4 $1 {I wanted to play this move but I had only few minutes till
move 40 so I said lets defend first the "b4" pawn??? well not a very smart
thing to do} Bxe2 29. Qxe2 gxf4 (29... Bd4+ 30. Kh1 axb4 31. Red1 {[%csl Rd4]
[%cal Gd1d8]}) 30. gxf4 Bd4+ (30... Bxf4 $2 31. Qg4+ Bg5 32. h4 Qd4+ 33. Kh1 f5
34. Qg3) 31. Kh1 e5 $13) 28... axb4 29. axb4 e6 30. f4 $2 {so now I went to
this line but have changed a little bit!!} Bxe2 31. Qxe2 (31. fxe5 Bd3) 31...
gxf4 32. gxf4 Bxf4 33. Qg4+ Qg5 {this is a very bad position for black
probably losing,I was also in time trouble here so the rest o the game is not
that important} 34. e5 Rfc8 35. Rbd1 $6 (35. Re4 $142 Qxg4 36. hxg4 Bg5 37. Re2
{[%cal Ge2d2,Gd2d6]}) 35... Ra8 36. Re4 Qxg4 37. hxg4 Bg5 {this is almost an
immposible position to play without time although I believe whire is losing
anyway} 38. Rd7 Ra2 39. Re1 Rb2 40. Rf1 Rf8 41. Bxc6 Rxb4 42. Rb7 Rxg4+ 43. Kh1
Rc4 44. Bxb5 Rxc5 45. Be8 Rxe8 46. Rfxf7 Rd8 (46... Rd8 47. Rg7+ Kf8 48. Rgf7+
Ke8 49. Rh7 Rc1+ 50. Kg2 Rd2+ 51. Kf3 Rc3+ 52. Kg4 (52. Ke4 Re3#) 52... Rg2+
53. Kh5 Rh3+ 54. Kg6 Be7#) 0-1